Statistics for Roger Federer: All Grand Slam Losses

Click here to take the quiz!

General Stats

  • This quiz has been taken 173 times
    (111 since last reset)
  • The average score is 39 of 60

Answer Stats

TournamentRoundPlayer% Correct
Australian Open 2014SemifinalsRafael Nadal
100%
Australian Open 2012SemifinalsRafael Nadal
100%
Roland Garros 2019SemifinalsRafael Nadal
100%
Roland Garros 2011FinalsRafael Nadal
100%
Australian Open 2009FinalsRafael Nadal
100%
Wimbledon 2008FinalsRafael Nadal
100%
Roland Garros 2008FinalsRafael Nadal
100%
Roland Garros 2007FinalsRafael Nadal
100%
Roland Garros 2006FinalsRafael Nadal
100%
Roland Garros 2005SemifinalsRafael Nadal
100%
Australian Open 2011SemifinalsNovak Djokovic
99%
US Open 2011SemifinalsNovak Djokovic
99%
US Open 2010SemifinalsNovak Djokovic
99%
Australian Open 2008SemifinalsNovak Djokovic
99%
Roland Garros 2012SemifinalsNovak Djokovic
99%
Wimbledon 2014FinalsNovak Djokovic
99%
Australian Open 2020SemifinalsNovak Djokovic
99%
Wimbledon 2019FinalsNovak Djokovic
99%
WImbledon 2015FinalsNovak Djokovic
99%
US Open 2015FinalsNovak Djokovic
99%
Australian Open 2016SemifinalsNovak Djokovic
99%
Australian Open 2013SemifinalsAndy Murray
95%
US Open 2009FinalsJuan Martin del Potro
91%
US Open 2017QuarterfinalsJuan Martin del Potro
91%
US Open 20014th RoundAndre Agassi
85%
Roland Garros 2015QuarterfinalsStan Wawrinka
85%
US Open 2014SemifinalsMarin Cilic
83%
Australian Open 2005SemifinalsMarat Safin
74%
Roland Garros 2010QuarterfinalsRobin Soderling
70%
Roland Garros 2013QuarterfinalsJo-Wilfired Tsonga
68%
WImbledon 2011QuarterfinalsJo-WIlfried Tsonga
68%
Australian Open 20194th RoundStefanos Tsitsipas
66%
Wimbledon 2016SemifinalsMilos Raonic
64%
WImbledon 2010QuarterfinalsTomas Berdych
59%
US Open 2012QuarterfinalsTomas Berdych
59%
Wimbledon 2018QuarterfinalsKevin Anderson
58%
Wimbledon 2021QuarterfinalsHubert Hurkacz
51%
US Open 20003rd RoundJuan Carlos Ferrero
48%
US Open 2019QuarterfinalsGrigor Dimitrov
47%
Roland Garros 20043rd RoundGustavo Kuerten
45%
Australian Open 20034th RoundDavid Nalbandian
44%
US Open 20034th RoundDavid Nalbandian
44%
Roland Garros 19991st RoundPatrick Rafter
44%
Wimbledon 20132nd RoundSergiy Stakhovsky
43%
US Open 20134th RoundTommy Robredo
40%
Australian Open 20153rd RoundAndreas Seppi
33%
Wimbledon 20001st RoundYevgeny Kafelnikov
32%
Wimbledon 2001QuarterfinalsTim Henman
31%
Roland Garros 20144th RoundErnests Gulbis
30%
US Open 20184th RoundJohn Millman
28%
Australian Open 20024th RoundTommy Haas
22%
Wimbledon 20021st RoundMario Ancic
17%
Roland Garros 20004th RoundAlex Corretja
15%
Roland Garros 2001QuarterfinalsAlex Corretja
15%
Australian Open 20003rd RoundArnaud Clement
10%
Australian Open 20013rd RoundArnaud Clement
10%
Wimbledon 19991st RoundJiri Novak
7%
Roland Garros 20021st RoundHicham Arazi
3%
Roland Garros 20031st RoundLuis Horna
2%
US Open 20024th RoundMax Mirnyi
2%

Score Distribution

Percentile by Number Answered

Percent of People with Each Score

Your Score History

You have not taken this quiz since the last reset